00663nam a2200157Ia 4500008004100000100001500041245010100056245012700157260004900284260000900333300001000342650001300352856004800365999001900413952007300432170221s9999 xx 000 0 und d aJamye Long aRoles of community satisfaction and community attachment in the out-migration of rural residents cJamye Long, Delta State University; Sam Faught, University of Tennessee at Martin; Cooper Johnson, Delta State University. bJournal of Management and Marketing Research c2013 a2 : 4 xBusiness uhttp://www.aabri.com/manuscripts/121203.pdf c311618d311618 001040aCLbCLd2017-02-21l0r2017-02-21 00:00:00w2017-02-21yFOJ